[Event "Moscow Open RSSU Cup 2019"]
[Site "Moscow"]
[Date "2019.01.26"]
[Round "1"]
[White "Kutsanyan, Andranik"]
[Black "Lysyj, Igor"]
[Result "1/2-1/2"]
[WhiteElo "2272"]
[BlackElo "2633"]
[Annotator "TA"]
[PlyCount "158"]
[EventDate "2019.01.26"]
[EventType "swiss"]
[EventCountry "RUS"]
[SourceTitle "playchess.com"]
[Source "ChessBase"]
[SourceQuality "1"]

{[%evp 24,158,0,0,0,0,0,0,9,6,15,-18,-22,0,23,-21,-22,-22,-24,-36,-21,-26,-37,-39,-35,-44,-31,-40,-33,-25,-18,-52,-37,-40,-34,-48,-39,-68,0,0,0,-20,-16,-18,-22,-20,-19,-28,-28,-38,-29,-18,-17,-17,0,0,0,0,0,0,0,0,0,0,0,-9,0,-9,-9,-9,0,-20,0,0,0,0,0,0,0,-7,-7,-7,-8,-8,-8,-34,-34,-34,-34,-34,-34,-34,-34,-34,-34,-34,-34,-34,-34,-34,-34,-34,-34,-34,-34,-34,-34,-34,-34,-34,-34,-34,-34,-34,0,-34,0,0,0,0,0,0,0,0,0,0,0,0,0,0,0,0,0,0,0,0,0]} 1. e4 e5 2. Nf3 Nc6 3. Bb5 a6 4. Ba4 Nf6 5. d4 exd4 6. O-O Be7 7. Re1 b5 8. Bb3 d6 9. Bd5 Nxd5 10. exd5 Ne5 11. Nxd4 O-O 12. Nc3 Bg4 13. Qd2 {LiveBook: 4 Games. C84: Closed Ruy Lopez: Unusual White 6th moves} (13. f3 Bd7 14. f4 Bg4 15. Nce2 Nc4 16. b3 Nb6 17. Nc6 Qd7 18. Bb2 Rae8 19. h3 Bh5 20. Nxe7+ Qxe7 {½-½ (28) Ter Sahakyan,S (2575)-Akopian,V (2675) Aix les Bains 2011}) 13... Re8 14. b3 Qb8 15. Ne4 Bd7 16. Bb2 Qb7 17. f4 Ng4 18. c4 $146 ({Predecessor:} 18. h3 Nf6 19. c4 Nxe4 20. Rxe4 Bf6 {½-½ (50) Zier,L (2245)-Blagojevic,D (2425) Germany 1991}) 18... Qb6 19. Kh1 Bh4 {[#] ...Rxe4 is the strong threat.} 20. g3 Bd8 21. h3 Nf6 22. Nf2 bxc4 23. bxc4 c6 24. dxc6 Bxc6+ 25. Kh2 Bd7 26. Rxe8+ Nxe8 27. Nb3 Be6 28. Rc1 Rc8 29. Qe2 Nf6 {[%cal Be8f6,Bf6g4,Bg4e3,Be3c2][%mdl 32]} 30. Ng4 Bxg4 ({Better is} 30... Nxg4+ $15 31. hxg4 h6) 31. hxg4 $11 h6 $1 32. g5 hxg5 33. fxg5 {[#]} Qe3 $1 {[%mdl 576] Decoy} 34. Qxe3 Ng4+ {[%mdl 64] Double Attack} 35. Kh3 Nxe3 36. c5 d5 37. g6 fxg6 38. Bd4 Bg5 39. Re1 Nc2 40. Re5 $1 {[%cal Re5g5]} Bf6 41. Rxd5 Bxd4 42. Nxd4 Nxd4 43. Rxd4 Rxc5 {[%mdl 4096] Endgame KR-KR} 44. Kg4 Kh7 45. a4 Kh6 46. Re4 a5 47. Rd4 Rc3 48. Kh3 Ra3 49. Rh4+ Kg5 50. Rc4 Rf3 51. Rc7 Kh6 52. Rc5 Rf5 53. Rb5 Kh7 54. g4 Rxb5 55. axb5 $15 {Intending b6 and mate. K3P-KPP} a4 56. b6 {White threatens b7 and mate.} a3 57. b7 a2 58. b8=Q {Threatening mate with Qa8.} a1=Q {KQ-KQ} 59. Qd8 Qh1+ 60. Kg3 Qe1+ 61. Kg2 Qe2+ 62. Kg3 Qe3+ 63. Kg2 Qe4+ 64. Kg3 Qe5+ 65. Kg2 Qf6 66. Qd2 Kg8 67. g5 Qf5 68. Kg3 Kf7 69. Qe3 Qe6 70. Qa7+ {The position is equal.} Qe7 71. Qa2+ Ke8 72. Qa8+ Kd7 73. Qb7+ Ke6 (73... Ke8 $5 {[%cal Re7b7]} 74. Qc6+ Kf7 $11) 74. Qe4+ Kf7 75. Qf3+ Kg8 76. Qd5+ Qf7 77. Qxf7+ Kxf7 78. Kf4 $1 Ke6 {( -> ...Kd5)} 79. Ke4 $1 Kd6 {Accuracy: White = 76%, Black = 70%.} 1/2-1/2

[Event "Moscow Open RSSU Cup 2019"]
[Site "Moscow"]
[Date "2019.01.26"]
[Round "1"]
[White "Mochalin, Faddey"]
[Black "Grachev, Boris"]
[Result "0-1"]
[WhiteElo "2270"]
[BlackElo "2626"]
[Annotator "TA"]
[PlyCount "88"]
[EventDate "2019.01.26"]
[EventType "swiss"]
[EventCountry "RUS"]
[SourceTitle "playchess.com"]
[Source "ChessBase"]
[SourceQuality "1"]

{[%evp 23,88,-10,-3,-16,-19,-11,-8,-19,-7,-36,-19,-17,-9,-25,-17,-81,-86,-70,-76,-79,-69,-73,-24,-27,-12,-58,-58,-62,-74,-62,-63,-58,-45,-56,-32,-47,-10,-33,-29,-33,-25,-18,0,-2,-8,-54,-49,-66,-34,-56,-64,-42,-17,-21,0,-388,-391,-387,-378,-451,-447,-473,-459,-698,-650,-667,-665]} 1. d4 Nf6 2. c4 e6 3. Nf3 d5 4. Nc3 dxc4 5. e3 a6 6. Bxc4 b5 7. Be2 Bb7 8. O-O Nbd7 9. b3 c5 10. Bb2 Bd6 11. dxc5 Bxc5 12. Rc1 O-O 13. Qc2 {D47: Semi-Slav: Meran System} (13. Ne1 e5 14. Nd3 Bd6 15. a4 b4 16. Nb1 Qb8 17. h3 Rd8 18. Qc2 e4 19. Nf4 Bxf4 20. exf4 Qxf4 {0-1 (37) Plachetka,J (2435)-Georgiev,K (2626) Aghia Pelagia 2004}) 13... Rc8 $146 ({Predecessor:} 13... Qe7 14. Rfd1 Rac8 15. Qb1 e5 16. Qf5 Rfe8 17. Ng5 Nf8 18. Nce4 Nxe4 19. Nxe4 Bxe4 20. Qxe4 Nd7 21. Qb7 Nb8 22. Qxe7 Bxe7 23. Rxc8 Rxc8 24. Bxe5 Kf8 25. Bf3 Nc6 26. Rc1 {1-0 (26) Basson,H (1255)-Ostendorf,F (1067) LSS email 2014}) 14. Qb1 Qb6 15. Kh1 {The position is equal.} h6 16. h3 Rfd8 17. Rfd1 Be7 18. Qa1 Qa7 19. Nd4 (19. Kg1 $11) 19... b4 $17 20. Na4 Ne4 21. Kg1 Bh4 22. Rf1 $1 Ndf6 23. Rxc8 Rxc8 24. Nf3 (24. Bd3 {looks sharper.} Rd8 25. Qc1 Qb8 26. Qc2 Qd6 27. Bc4) 24... Bxf2+ {[%mdl 64] [#] Remove Defender} 25. Rxf2 Qxe3 {[%mdl 64] Pin} 26. Qe1 Nxf2 27. Qxf2 Qxf2+ 28. Kxf2 Ne4+ 29. Ke3 Ng3 30. Bd3 Nf5+ 31. Ke2 Ne7 32. Nb6 Rc5 33. Nc4 Nd5 34. Kd2 Nf4 {[#] Hoping for ...Bxf3.} 35. Bf1 Rd5+ (35... Bxf3 $5 36. gxf3 Rd5+ 37. Kc2 Rh5 $15) 36. Bd4 Rd8 {aiming for ...Bxf3.} 37. Ke3 Nd5+ 38. Kf2 Nc3 39. Bxc3 $2 {[%mdl 8192]} (39. a4 $1 $11) 39... bxc3 $19 {[%cal Bb4c3,Bc3c2][%mdl 32]} 40. Ne1 Be4 41. Na3 f5 {Black is clearly winning.} 42. b4 Rd2+ 43. Be2 (43. Ke3 $142 Rxa2 44. Nac2 Bxc2 45. Bc4) 43... Rxa2 44. Nc4 c2 {Accuracy: White = 40%, Black = 51%.} 0-1

[Event "Moscow Open RSSU Cup 2019"]
[Site "Moscow"]
[Date "2019.01.26"]
[Round "1"]
[White "Nikologorsky, Matfei"]
[Black "Kokarev, Dmitry"]
[Result "0-1"]
[WhiteElo "2262"]
[BlackElo "2605"]
[Annotator "TA"]
[PlyCount "98"]
[EventDate "2019.01.26"]
[EventType "swiss"]
[EventCountry "RUS"]
[SourceTitle "playchess.com"]
[Source "ChessBase"]
[SourceQuality "1"]

{[%evp 29,98,-29,-27,-23,-22,-71,-70,-70,-65,-136,-137,-136,-128,-135,-124,-139,-132,-136,-93,-149,-127,-135,-100,-97,-95,-94,-94,-90,-95,-94,0,0,0,0,0,-117,-114,-118,-119,-122,-123,-212,-123,-259,-259,-252,-250,-252,-252,-252,-252,-252,-252,-252,-251,-252,-251,-250,-239,-278,-276,-319,-242,-209,0,-315,-276,-328,-320,-300,-302]} 1. e4 c5 2. Nf3 d6 3. d4 Nf6 4. Nc3 cxd4 5. Nxd4 a6 6. Be2 e5 7. Nb3 Be7 8. O-O Be6 9. Be3 Nbd7 10. a4 Rc8 11. Qd2 Nb6 {B92: Sicilian Najdorf: 6 Be2} 12. a5 Nc4 13. Bxc4 Rxc4 14. f3 O-O 15. Rfd1 Qc8 {LiveBook: 12 Games} 16. Bg5 (16. Nc1 d5 17. exd5 Nxd5 18. Nxd5 Bxd5 {0-1 (33) Kovchan,A (2595)-Karjakin,S (2725) Dagomys 2010}) 16... Rd8 $146 ({Predecessor:} 16... h6 17. Bxf6 Bxf6 18. Qxd6 Rd8 19. Qb6 Rxd1+ 20. Rxd1 {0-1 (80) Vertongen,W (2328)-Fabri,L (2352) ICCF email 2014}) 17. Bxf6 Bxf6 {[%cal Be7f6,Bf6g5,Bg5e3,Be3d4][%mdl 32]} 18. Kh1 h6 19. Ra4 {[#]} ({White should try} 19. Qe1 $15) 19... d5 $1 $17 {[%mdl 512]} 20. exd5 (20. Nxd5 Bxd5) 20... Rxa4 {[%mdl 64] Overworked Piece} 21. Nxa4 Rxd5 22. Qc1 Bg5 23. Qb1 Be3 24. Nc3 (24. Re1 $142 Bf2 25. Re2) 24... Rxd1+ 25. Qxd1 Bxb3 26. cxb3 Bd4 27. Qd2 Qc5 28. Ne2 Qb5 29. h3 Qxb3 ({Better is} 29... Bc5 $17 30. Qd8+ Bf8) 30. Nxd4 $11 Qd5 {[%mdl 64] Pin} 31. Nb3 $1 Qxb3 {[%mdl 4096] Endgame KQ-KQ} 32. Kg1 (32. Qd7 $11) 32... g6 $17 33. Kf2 Kg7 34. g3 Qc4 35. Kg2 {[#]} (35. b4 $17 {might work better.}) 35... h5 (35... Qd4 $1 $19 {[%cal Rd4d2]} 36. Qxd4 exd4) 36. h4 (36. b4 $17 {only move.}) 36... Qd4 $19 37. Qe2 Kf6 38. b3 Qc3 39. Qa2 Ke7 40. Qa3+ Ke6 41. Qa2 Qb4 42. Qc2 Kf6 ({But not} 42... Qxa5 43. Qc8+ Kf6 44. Qxb7 $17) 43. Qa2 Ke7 44. Kh3 Kd6 45. Kg2 Kd5 46. Qc2 Kd6 ({Less strong is} 46... Qxa5 47. Qc4+ Kd6 48. Qxf7 $15) (46... f5 $142 47. Qc8 Qd2+ 48. Kh3 Qxa5 49. Qxb7+ Kd4 50. Qa7+ Kd3) 47. Qa2 f5 {Black has a decisive advantage.} 48. Kh2 Kd5 49. Kg2 Kd4 {Accuracy: White = 40%, Black = 74%.} 0-1

[Event "Moscow Open RSSU Cup 2019"]
[Site "Moscow"]
[Date "2019.01.26"]
[Round "1"]
[White "Navrodskiy, Boris"]
[Black "Kryakvin, Dmitry"]
[Result "0-1"]
[WhiteElo "2254"]
[BlackElo "2588"]
[Annotator "ChessBase"]
[PlyCount "78"]
[EventDate "2019.01.26"]
[EventType "swiss"]
[EventCountry "RUS"]
[SourceTitle "playchess.com"]
[Source "ChessBase"]
[SourceQuality "1"]
[TimeControl "40/5400+30:1800+30"]

1. d4 {[%emt 0:13:06]} Nf6 {[%emt 0:00:00]} 2. c4 {[%emt 0:00:04]} g6 {[%emt 0:00:00]} 3. Nc3 {[%emt 0:00:05]} Bg7 {[%emt 0:00:00]} 4. e4 {[%emt 0:00:03]} d6 {[%emt 0:00:00]} 5. Nf3 {[%emt 0:00:05]} O-O {[%emt 0:00:05]} 6. Be2 {[%emt 0:00:03]} e5 {[%emt 0:00:06]} 7. O-O {[%emt 0:00:06]} Na6 {[%emt 0:00:07]} 8. Re1 {[%emt 0:00:08]} c6 {[%emt 0:00:05]} 9. Bf1 {[%emt 0:03:21]} Bg4 {[%emt 0:00:51]} 10. d5 {[%emt 0:00:38]} c5 {[%emt 0:00:07]} 11. h3 {[%emt 0:03:58]} Bd7 {[%emt 0:00:41]} 12. Be3 {[%emt 0:01:30]} Kh8 {[%emt 0:01:09]} 13. Qd2 {[%emt 0:02:56]} Ng8 {[%emt 0:02:55]} 14. Bg5 {[%emt 0:01:51]} f6 {[%emt 0:06:28]} 15. Bh4 {[%emt 0:00:06]} Bh6 {[%emt 0:00:23]} 16. Qd1 {[%emt 0:05:06]} Bf4 {[%emt 0:00:41]} 17. Ne2 {[%emt 0:08:38]} g5 {[%emt 0:06:14]} 18. g3 {[%emt 0:00:50]} gxh4 {[%emt 0:05:19]} 19. gxf4 {[%emt 0:00:06]} Qe8 {[%emt 0:04:52]} 20. f5 {[%emt 0:02:38]} Qh5 {[%emt 0:05:50]} 21. Nc3 {[%emt 0:03:21]} Nh6 {[%emt 0:01:40]} 22. Kh1 {[%emt 0:02:59]} Rg8 {[%emt 0:10:05]} 23. Be2 {[%emt 0:01:31]} Nxf5 {[%emt 0:20:16]} 24. exf5 {[%emt 0:03:10]} Qxf5 {[%emt 0:00:49]} 25. Bf1 {[%emt 0:00:55]} Qg6 {[%emt 0:00:20]} 26. a3 {[%emt 0:14:01]} Bf5 27. Qd2 {[%emt 0:05:11]} e4 {[%emt 0:06:12]} 28. Qf4 {[%emt 0:00:09]} exf3 {[%emt 0:01:30]} 29. Qh2 {[%emt 0:00:02]} Rg7 {[%emt 0:07:33]} 30. Nb5 {[%emt 0:07:32]} Rd8 {[%emt 0:00:37]} 31. Re3 {[%emt 0:00:09]} Nc7 {[%emt 0:01:36]} 32. Nc3 {[%emt 0:03:23]} Re8 {[%emt 0:00:51]} 33. Rae1 {[%emt 0:00:44]} Re5 {[%emt 0:00:15]} 34. b4 {[%emt 0:00:44]} b6 {[%emt 0:00:28]} 35. bxc5 {[%emt 0:04:50]} bxc5 {[%emt 0:00:11]} 36. a4 {[%emt 0:02:26]} a6 {[%emt 0:00:35]} 37. a5 {[%emt 0:00:33]} Ne8 {[%emt 0:00:47]} 38. Na4 {[%emt 0:00:37]} Be4 {[%emt 0:03:04]} 39. Nb2 {[%emt 0:00:28]} Rg5 {[%emt 0:01:40]} 0-1

[Event "Moscow Open RSSU Cup 2019"]
[Site "Moscow"]
[Date "2019.01.26"]
[Round "1"]
[White "Mnatsakanian, Arsen"]
[Black "Savchenko, Boris"]
[Result "1-0"]
[WhiteElo "2252"]
[BlackElo "2562"]
[Annotator "ChessBase"]
[PlyCount "75"]
[EventDate "2019.01.26"]
[EventType "swiss"]
[EventCountry "RUS"]
[SourceTitle "playchess.com"]
[Source "ChessBase"]
[SourceQuality "1"]
[TimeControl "40/5400+30:1800+30"]

1. e4 g6 {[%emt 0:08:12]} 2. d4 {[%emt 0:01:15]} Bg7 {[%emt 0:03:32]} 3. Nf3 {[%emt 0:00:08]} d6 {[%emt 0:00:14]} 4. Bd3 {[%emt 0:03:57]} c5 {[%emt 0:02:05]} 5. dxc5 {[%emt 0:01:19]} Qa5+ {[%emt 0:00:22]} 6. c3 {[%emt 0:00:10]} Qxc5 {[%emt 0:00:10]} 7. Be3 {[%emt 0:00:26]} Qc7 {[%emt 0:00:11]} 8. O-O {[%emt 0:01:32]} Nc6 {[%emt 0:00:33]} 9. h3 {[%emt 0:08:28]} Nf6 {[%emt 0:00:14]} 10. Nbd2 {[%emt 0:00:05]} d5 {[%emt 0:01:21]} 11. Bg5 {[%emt 0:04:15]} Be6 {[%emt 0:02:51]} 12. Qa4 {[%emt 0:06:15]} O-O {[%emt 0:01:22]} 13. Bb5 {[%emt 0:08:50]} h6 {[%emt 0:09:46]} 14. Be3 {[%emt 0:10:24]} dxe4 {[%emt 0:10:12]} 15. Nxe4 {[%emt 0:00:04]} Nd5 {[%emt 0:00:10]} 16. Nc5 {[%emt 0:08:32]} Bf5 {[%emt 0:15:53]} 17. Bxc6 {[%emt 0:04:25]} Nxe3 {[%emt 0:04:29]} 18. fxe3 {[%emt 0:03:32]} bxc6 {[%emt 0:00:14]} 19. Qc4 {[%emt 0:12:31]} Rad8 20. Kh1 {[%emt 0:02:48]} Qc8 {[%emt 0:14:21]} 21. e4 {[%emt 0:05:18]} Bd7 {[%emt 0:03:06]} 22. Rad1 {[%emt 0:01:18]} Be8 {[%emt 0:03:58]} 23. Qa4 {[%emt 0:01:45]} Rxd1 {[%emt 0:03:57]} 24. Rxd1 {[%emt 0:00:03]} f5 {[%emt 0:00:12]} 25. e5 {[%emt 0:02:55]} Bf7 {[%emt 0:05:12]} 26. Rd7 {[%emt 0:00:50]} Rd8 {[%emt 0:04:06]} 27. e6 {[%emt 0:00:12]} Be8 {[%emt 0:00:11]} 28. Qxa7 {[%emt 0:00:36]} Qb8 {[%emt 0:04:50]} 29. Qxb8 {[%emt 0:00:58]} Rxb8 {[%emt 0:00:05]} 30. Rb7 {[%emt 0:01:41]} Rd8 {[%emt 0:00:07]} 31. a4 {[%emt 0:01:13]} Rd5 {[%emt 0:01:45]} 32. Rb8 {[%emt 0:01:20]} Rxc5 {[%emt 0:00:07]} 33. Rxe8+ {[%emt 0:00:04]} Bf8 {[%emt 0:00:06]} 34. Ra8 {[%emt 0:00:25]} Kg7 {[%emt 0:00:07]} 35. a5 {[%emt 0:00:15]} Rb5 {[%emt 0:00:05]} 36. a6 {[%emt 0:00:35]} Rxb2 {[%emt 0:00:05]} 37. a7 {[%emt 0:00:07]} Ra2 {[%emt 0:00:05]} 38. Nd4 1-0

[Event "Moscow Open RSSU Cup 2019"]
[Site "Moscow"]
[Date "2019.01.26"]
[Round "1"]
[White "Utiatskaja, Irina"]
[Black "Mozharov, Mikhail"]
[Result "0-1"]
[WhiteElo "2246"]
[BlackElo "2549"]
[Annotator "RC"]
[PlyCount "82"]
[EventDate "2019.01.26"]
[EventType "swiss"]
[EventCountry "RUS"]
[SourceTitle "playchess.com"]
[Source "ChessBase"]
[SourceQuality "1"]
[TimeControl "40/5400+30:1800+30"]

1. e4 {[%emt 0:06:24]} c6 {[%emt 0:00:00]} 2. d4 {[%emt 0:00:19]} d5 {[%emt 0:00:00]} 3. Nd2 {[%emt 0:00:23]} dxe4 {[%emt 0:00:25]} 4. Nxe4 {[%emt 0:00:27]} Nf6 {[%emt 0:00:15]} 5. Nxf6+ {[%emt 0:00:26]} exf6 {[%emt 0:00:18]} 6. c3 {[%emt 0:03:20]} Bd6 {[%emt 0:00:39]} 7. Bd3 {[%emt 0:00:55]} O-O {[%emt 0:00:09]} 8. Qc2 {[%emt 0:00:44]} Re8+ {[%emt 0:00:25]} 9. Ne2 {[%emt 0:00:03]} h5 {[%emt 0:00:50]} 10. Bd2 {[%emt 0:09:33]} Nd7 {[%emt 0:01:01]} 11. O-O-O {[%emt 0:16:24]} Nf8 {[%emt 0:00:39]} 12. Nf4 {[%emt 0:04:06]} Bxf4 {[%emt 0:14:20]} 13. Bxf4 {[%emt 0:00:22]} Be6 {[%emt 0:01:19]} 14. Kb1 {[%emt 0:07:44]} b5 {[%emt 0:01:11]} 15. f3 {[%emt 0:04:40]} Qd5 {[%emt 0:03:32]} 16. b3 {[%emt 0:01:00]} a5 {[%emt 0:01:18]} 17. Rhg1 {[%emt 0:13:09]} a4 {[%emt 0:01:08]} 18. b4 {[%emt 0:00:28]} Ng6 {[%emt 0:08:28]} 19. Bc1 {[%emt 0:02:20]} Nh4 {[%emt 0:24:16]} 20. Rdf1 {[%emt 0:07:49]} Bf5 {[%emt 0:02:21]} 21. g4 {[%emt 0:01:01]} Bxd3 {[%emt 0:00:11]} 22. Qxd3 {[%emt 0:00:03]} Re6 23. gxh5 {[%emt 0:04:07]} Qxh5 {[%emt 0:02:41]} 24. Rg4 {[%emt 0:01:22]} Qf5 {[%emt 0:04:36]} 25. Qxf5 {[%emt 0:06:11]} Nxf5 {[%emt 0:00:10]} 26. Rf4 {[%emt 0:01:12]} g6 {[%emt 0:03:51]} 27. h4 {[%emt 0:01:23]} Ng3 {[%emt 0:01:36]} 28. Rf2 {[%emt 0:02:24]} Ne2 {[%emt 0:12:05]} 29. Rg4 {[%emt 0:00:07]} Nxc3+ {[%emt 0:00:22]} 30. Kc2 {[%emt 0:00:23]} Nd5 {[%emt 0:00:08]} 31. Bd2 {[%emt 0:00:37]} Kg7 {[%emt 0:00:17]} 32. h5 {[%emt 0:02:59]} Rh8 {[%emt 0:00:49]} 33. hxg6 {[%emt 0:00:31]} fxg6 {[%emt 0:00:05]} 34. Rg1 {[%emt 0:01:53]} Rh3 {[%emt 0:00:46]} 35. a3 {[%emt 0:00:10]} Kf7 {[%emt 0:00:35]} 36. Bc1 {[%emt 0:01:13]} g5 {[%emt 0:00:53]} 37. Bd2 {[%emt 0:00:19]} Rh4 {[%emt 0:00:57]} 38. Kd3 {[%emt 0:00:29]} Rd6 {[%emt 0:00:19]} 39. Rd1 Nb6 {[%emt 0:02:29]} 40. f4 {[%emt 0:00:00]} Nc4 {[%emt 0:00:00]} 41. Bc1 {[%emt 0:04:18]} gxf4 {[%emt 0:02:23]} 0-1

[Event "Moscow Open RSSU Cup 2019"]
[Site "Moscow"]
[Date "2019.01.26"]
[Round "1"]
[White "Muslimov, Evgeny"]
[Black "Korneev, Oleg"]
[Result "0-1"]
[WhiteElo "2244"]
[BlackElo "2545"]
[Annotator "TA"]
[PlyCount "84"]
[EventDate "2019.01.26"]
[EventType "swiss"]
[EventCountry "RUS"]
[SourceTitle "playchess.com"]
[Source "ChessBase"]
[SourceQuality "1"]

{[%evp 10,84,0,-24,-29,-33,-6,-38,-38,-43,-18,-19,-2,-62,-62,-67,-68,-58,-49,-62,-65,-78,-83,-83,-90,-86,-84,-63,-69,-92,-38,-56,-38,-89,-86,-116,-88,-96,-89,-79,-82,-109,-83,-74,-83,-75,-23,-31,0,-143,-70,-62,-22,-33,-36,-72,-79,-271,-262,-272,-259,-699,-698,-769,-716,-1053,-1056,-1858,-690,-2143,-2150,-1974,-1722,-5197,-4133,-4132,-2490]} 1. d4 d5 2. Nf3 Nf6 3. c4 c6 4. e3 Bf5 5. Qb3 Qb6 6. c5 Qc7 {D12: Slav Defence: 3 Nf3 Nf6 4 e3 Bf5} 7. Nc3 Nbd7 8. Be2 e5 {Black is slightly better.} 9. Qd1 (9. Bd2 Be7 10. h3 O-O 11. g4 Bg6 12. Nh4 Be4 13. Nxe4 Nxe4 {0-1 (23) Goudriaan,E (2349)-Van Foreest,J (2494) Amsterdam 2015}) 9... a5 $146 ({Predecessor:} 9... Be7 10. O-O e4 11. Nd2 h5 12. f3 exf3 13. gxf3 g5 14. e4 {0-1 (29) Goban,M (2154)-Mazur,S (2388) Slovakia 2013}) 10. b3 e4 11. Nd2 (11. Nh4 $11 Be6 12. f4) 11... b6 $15 12. cxb6 Nxb6 13. Bb2 Bd6 14. h3 O-O 15. Qc2 Rfc8 16. Na4 Nxa4 17. bxa4 Qe7 18. Nb3 Nd7 19. Kf1 Bg6 (19... Be6 $17) 20. Rc1 h5 21. Qd2 (21. h4 $15) 21... h4 $17 22. Nxa5 Bb4 23. Bc3 Bxc3 24. Qxc3 c5 25. Bb5 cxd4 $1 26. Nc6 ({Don't go for} 26. Qxc8+ $2 Rxc8 27. Rxc8+ Kh7 $19) 26... Qd6 27. exd4 f5 ({Black should try} 27... Kh7 $17 28. Qd2 f6) 28. g3 Be8 29. Qe3 {[#]} (29. Kg2 $11 {keeps the balance.}) 29... Nb6 (29... Nf8 $1 $17 {[%cal Re8c6]} 30. Qf4 Qe6) 30. Ne5 $15 Rxc1+ ({But not} 30... Nxa4 31. Bxe8 Rxe8 32. gxh4 $14) 31. Qxc1 hxg3 {White must now prevent ...Bxb5+.} 32. Bxe8 Rxe8 33. a5 $2 {[#]} (33. Rg1 $17 Nd7 34. Qc6 Qxc6 35. Nxc6) 33... Nc4 $1 $19 {[%cal Rc4e5][%mdl 512]} 34. Nxc4 Qc6 {[%mdl 64] Pin} ({Don't do} 34... dxc4 35. Qxc4+ Kh7 36. Qe2 $19) 35. Rg1 $2 (35. Kg2 dxc4 36. Kxg3) 35... gxf2 {Black is clearly winning.} 36. Kxf2 dxc4 {[%cal Bd5c4,Bc4c3,Bc3c2][%mdl 4128] Endgame KQR-KQR} 37. Qg5 e3+ 38. Ke2 Qd7 (38... Qb7 $142 39. Qg2 Qb2+ {[%mdl 64] Double Attack} 40. Kf3 Qxd4) 39. d5 c3 40. a4 c2 41. Rc1 Qc7 {( -> ...Qh2+)} 42. Qxf5 Qh2+ {Accuracy: White = 35%, Black = 71%.} 0-1

[Event "Moscow Open RSSU Cup 2019"]
[Site "Moscow"]
[Date "2019.01.26"]
[Round "1"]
[White "Makoveev, Ilya"]
[Black "Potapov, Pavel"]
[Result "0-1"]
[WhiteElo "2240"]
[BlackElo "2516"]
[Annotator "TA"]
[PlyCount "116"]
[EventDate "2019.01.26"]
[EventType "swiss"]
[EventCountry "RUS"]
[SourceTitle "playchess.com"]
[Source "ChessBase"]
[SourceQuality "1"]

{[%evp 10,116,12,20,35,26,29,21,21,21,26,14,24,0,0,0,0,-27,3,1,16,6,0,-1,0,-13,-13,-18,-14,-16,-8,-5,-22,-8,0,0,0,0,0,0,0,0,0,-73,-75,-75,-75,-75,-75,-75,-75,-73,-80,-99,-80,-77,-93,-91,-100,-253,-248,-276,-268,-308,-191,-205,-200,-187,-181,-363,-362,-337,-333,-879,-881,-687,-856,-696,-837,-797,-787,-1068,-1113,-1544,-1138,-29956,-29947,-5616,-4727,-29977,-29978,-29978,-29979,-29979,-29980,-29980,-29981,-29980,-29962,-29982,-29983,-29985,-29986,-29987,-29988,-29988,-29989,-29989,-29990]} 1. e4 c5 2. Nf3 Nc6 3. Bb5 g6 4. Bxc6 bxc6 5. O-O Bg7 6. Re1 Rb8 {B31: Sicilian: 2...Nc6 3 Bb5 g6} (6... Nh6 7. c3 O-O 8. h3 f5 9. e5 Nf7 10. d3 d6 11. Bf4 Ba6 12. Na3 Rb8 13. Qd2 dxe5 14. Nxe5 Nxe5 15. Bxe5 Bxe5 16. Rxe5 Qxd3 {1-0 (50) Amin,B (2686)-Guseinov,G (2667) Hoogeveen 2018}) 7. e5 Nh6 8. d4 cxd4 $1 {The position is equal.} 9. Qxd4 Qb6 10. Qxb6 axb6 11. Bg5 $146 ({Predecessor:} 11. Nc3 Bb7 12. a4 O-O 13. Bf4 c5 14. Rad1 {½-½ (25) Kocks,F (2106)-Fischer,D (2097) GER email 2012}) 11... c5 12. Nc3 {[%cal Bb1c3,Bc3e4,Be4f6][%mdl 32]} Bb7 13. Ne4 Bc6 14. Rad1 Kf8 15. Nf6 Rb7 $1 16. Nd5 Ng8 17. c4 e6 {And now ...h6 would win.} 18. a4 h6 19. Bd8 $1 {[%cal Rd8b6]} exd5 20. cxd5 Bxa4 21. Ra1 Ke8 22. Bh4 ({Don't play} 22. Bf6 Bxf6 23. exf6+ Kf8 $17) 22... b5 {Strongly threatening ...c4.} 23. b3 $1 {[%cal Rb3a4]} g5 24. bxa4 gxh4 25. axb5 d6 $1 26. Ra8+ (26. exd6+ $11 {remains equal.} Kd7 27. Ra6) 26... Kd7 $17 27. e6+ fxe6 28. dxe6+ Kc7 {...Ne7 is the strong threat.} 29. e7 Nf6 30. Rxh8 Bxh8 31. e8=Q Nxe8 32. Re7+ Kb6 33. Rxe8 {[%mdl 4096] Endgame KRB-KRN} Bb2 34. Re2 $2 (34. Re6 $17 {was necessary.}) 34... Ra7 $19 35. h3 Bg7 36. Nxh4 Ra1+ (36... Kxb5 37. Nf5 $17) 37. Kh2 d5 $1 {[%mdl 1024] Black has strong compensation.} ({Less strong is} 37... Kxb5 38. Nf5 $15) 38. Nf5 Bc3 39. Nd6 $2 (39. Re8) 39... c4 $1 40. Re6 Kc5 {aiming for ...Re1.} 41. b6 $2 {[#]} (41. g3 Ra2 42. h4) 41... Be5+ $1 {[%mdl 512]} 42. Rxe5 Kxd6 {KR-KR} 43. Re8 Rb1 44. Rb8 Kc5 45. b7 Kd4 46. f4 c3 47. f5 c2 48. Rc8 {[#]} Kd3 $1 49. b8=Q Rxb8 {Black mates.} 50. Rxb8 c1=Q {KQ-KR} 51. Rb3+ Ke4 52. Rf3 Qc7+ 53. Kg1 Qb6+ 54. Kf1 Qf6 55. Kf2 d4 56. g3 d3 57. Rf4+ Kd5 58. Ke3 Qc3 {Accuracy: White = 39%, Black = 82%.} 0-1